LDC 2024 - Les Buteurs des Phases Finales - Statistiques

Statistiques générales
  • Ce quiz a été pris 1 335 fois
    624 depuis la dernière actualisation
  • Le résultat moyen est 47 sur 79
Statistiques - réponses
Équipes Adversaires Phase Match Nationalité Numéro Joueurs % Correct
Manchester City FC Copenhague 8èmes de Finale Aller Belgique 17 Kevin De Bruyne
91%
Manchester City Real Madrid Quarts de Finale Retour Belgique 17 Kévin De Bruyne
91%
Paris Saint-Germain Real Sociedad 8èmes de Finale Aller France 7 Kylian Mbappé
91%
Paris Saint-Germain Real Sociedad 8èmes de Finale Retour France 7 Kylian Mbappé
91%
Paris Saint-Germain Real Sociedad 8èmes de Finale Retour France 7 Kylian Mbappé
91%
Paris Saint-Germain FC Barcelone Quarts de Finale Retour France 7 Kylian Mbappé
91%
Paris Saint-Germain FC Barcelone Quarts de Finale Retour France 7 Kylian Mbappé
91%
Real Madrid RB Leipzig 8èmes de Finale Retour Brésil 7 Vinicius Junior
85%
Real Madrid Bayern Munich Demi-Finale Aller Brésil 7 Vinicius Junior
85%
Real Madrid Bayern Munich Demi-Finale Aller Brésil 7 Vinicius Junior
85%
Real Madrid Borussia Dortmund Finale / Brésil 7 Vinicius Junior
85%
Manchester City FC Copenhague 8èmes de Finale Retour Norvège 9 Erling Haaland
82%
Manchester City FC Copenhague 8èmes de Finale Aller Portugal 20 Bernardo Silva
81%
Manchester City Real Madrid Quarts de Finale Aller Portugal 20 Bernardo Silva
81%
Manchester City FC Copenhague 8èmes de Finale Aller Angleterre 47 Phil Foden
81%
Manchester City Real Madrid Quarts de Finale Aller Angleterre 47 Phil Foden
81%
Bayern Munich Lazio Rome 8èmes de Finale Retour Angleterre 9 Harry Kane
79%
Bayern Munich Lazio Rome 8èmes de Finale Retour Angleterre 9 Harry Kane
79%
Bayern Munich Arsenal Quarts de Finale Aller Angleterre 9 Harry Kane
79%
Bayern Munich Real Madrid Demi-Finale Aller Angleterre 9 Harry Kane
79%
Real Madrid RB Leipzig 8èmes de Finale Aller Maroc 21 Brahim Diaz
77%
Paris Saint-Germain FC Barcelone Quarts de Finale Aller France 10 Ousmane Dembélé
76%
Paris Saint-Germain Real Sociedad 8èmes de Finale Aller France 29 Bradley Barcola
75%
Paris Saint-Germain FC Barcelone Quarts de Finale Retour France 10 Ousamne Dembélé
75%
FC Barcelone Naples 8èmes de Finale Aller Pologne 9 Robert Lewandowski
75%
FC Barcelone Naples 8èmes de Finale Retour Pologne 9 Robert Lewandowski
75%
Real Madrid Manchester City Quarts de Finale Aller Brésil 11 Rodrygo Goes
73%
Real Madrid Manchester CIty Quarts de Finale Retour Brésil 11 Rodrygo Goes
73%
Atlético Madrid Inter Milan 8èmes de Finale Retour France 7 Antoine Griezmann
66%
Paris Saint-Germain FC Barcelone Quarts de Finale Aller Portugal 17 Vitinha
65%
Paris Saint-Germain FC Barcelone Quarts de Finale Retour Portugal 17 Vitinha
65%
Real Madrid Borussia Dortmund Finale / Espagne 2 Dani Carvajal
63%
Real Madrid Manchester City Quarts de Finale Aller Uruguay 15 Federico Valverde
63%
FC Barcelone Paris Saint-Germain Quarts de Finale Aller Brésil 11 Raphinha
62%
FC Barcelone Paris Saint-Germain Quarts de Finale Aller Brésil 11 Raphinha
62%
FC Barcelone Paris Saint-Germain Quarts de Finale Retour Brésil 11 Raphinha
62%
Naples FC Barcelone 8èmes de Finale Aller Nigeria 9 Victor Osimhen
62%
Bayern Munich Real Madrid Demi-Finale Retour Canada 19 Alphonso Davies
61%
Arsenal Bayern Munich Quarts de Finale Aller Angleterre 7 Bukayo Saka
61%
Manchester City FC Copenhague 8èmes de Finale Retour Argentine 19 Julian Alvarez
60%
Bayern Munich Real Madrid Demi-Finale Aller Allemagne 10 Leroy Sané
59%
Real Madrid Manchester City Quarts de Finale Aller France 12 Eduardo Camavinga
58%
Real Madrid Bayern Munich Demi-Finale Retour Espagne 14 Joselu Mato
58%
Real Madrid Bayern Munich Demi-Finale Retour Espagne 14 Joselu Mato
58%
Bayern Munich Arsenal Quarts de Finale Retour Allemagne 6 Joshua Kimmich
58%
Arsenal FC Porto 8èmes de Finale Retour Belgique 19 Leandro Trossard
57%
Arsenal Bayern Munich Quarts de Finale Aller Belgique 19 Leandro Trossard
57%
Manchester City FC Copenhague 8èmes de Finale Retour Suisse 25 Manuel Akanji
56%
Bayern Munich Lazio Rome 8èmes de Finale Retour Allemagne 25 Thomas Müller
56%
Manchester City Real Madrid Quarts de Finale Aller Croatie 24 Josko Gvardiol
55%
FC Barcelone Paris Saint-Germain Quarts de Finale Aller Danemark 17 Andreas Christensen
53%
Lazio Rome Bayern Munich 8èmes de Finale Aller Italie 17 Ciro Immobile
53%
Borussia Dortmund Atlético Madrid Quarts de Finale Aller Côte d'Ivoire 9 Sébastien Haller
52%
Bayern Munich Arsenal Quarts de Finale Aller Allemagne 7 Serge Gnabry
52%
Atlético Madrid Borussia Dortmund Quarts de Finale Retour Allemagne 15 CSC / Mats Hummels
51%
Borussia Dortmund Paris Saint-Germain Demi-Finale Retour Allemagne 15 Mats Hummels
51%
Borussia Dortmund Atlético Madrid Quarts de Finale Retour Allemagne 14 Niclas Fullkrug
50%
Borussia Dortmund Paris Saint-Germain Demi-Finale Aller Allemagne 14 Niclas Fullkrug
50%
Atlético Madrid Inter Milan 8èmes de Finale Retour Pays-Bas 9 Memphis Depay
48%
Atlético Madrid Borussia Dortmund Quarts de Finale Aller Argentine 5 Rodrigo De Paul
48%
FC Barcelone Naples 8èmes de Finale Retour Portugal 2 Joao Cancelo
46%
Borussia Dortmund PSV Eindhoven 8èmes de Finale Aller Pays-Bas 21 Donyell Malen
45%
Borussia Dortmund Atlético Madrid Quarts de Finale Retour Autriche 20 Marcel Sabitzer
44%
Borussia Dortmund PSV Eindhoven 8èmes de Finale Retour Angleterre 10 Jadon Sancho
43%
Borussia Dortmund PSV Eindhoven 8èmes de Finale Retour Allemagne 11 Marco Reus
43%
PSV Eindhoven Borussia Dortmund 8èmes de Finale Aller Pays-Bas 9 Luuk De Jong
39%
Inter Milan Atlético Madrid 8èmes de Finale Aller Autriche 8 Marko Arnautovic
39%
RB Leipzig Real Madrid 8èmes de Finale Retour Hongrie 4 Willi Orban
37%
Inter Milan Atlético Madrid 8èmes de Finale Retour Italie 32 Federico Dimarco
34%
Real Sociedad Paris Saint-Germain 8èmes de Finale Retour Espagne 8 Mikel Merino
34%
Atlético Madrid Borussia Dortmund Quarts de Finale Retour Argentine 10 Angel Correa
33%
Borussia Dortmund Atlético Madrid Quarts de Finale Retour Allemagne 19 Julian Brandt
30%
Borussia Dortmund Atlético Madrid Quarts de Finale Retour Pays-Bas 22 Ian Maatsen
27%
FC Barcelone Naples 8èmes de Finale Retour Espagne 32 Fermin Lopez
25%
FC Porto Arsenal 8èmes de Finale Aller Brésil 13 Wenderson Galeno
24%
Atlético Madrid Borussia Dortmund Quarts de Finale Aller Brésil 12 Samuel Lino
23%
Naples FC Barcelone 8èmes de Finale Retour Kosovo 13 Amir Rrahmani
16%
FC Copenhague Manchester City 8èmes de Finale Retour Norvège 10 Mohamed Elyounoussi
8%
FC Copenhague Manchester City 8èmes de Finale Aller Danemark 8 Magnut Mattsson
3%
Aucun quiz correspondant
Distribution des résultats
% des personnes avec chaque résultat
Percentile par nombre de réponses
Votre historique - résultats
Vous n’avez pas pris ce quiz depuis la dernière actualisation